[Event "Cto Equipos Aragon 2013 Div. Honor I"]
[Site "Aragon"]
[Date "2013.02.09"]
[Round "3.5"]
[White "Hefty Hilardo, Jorge Walter"]
[Black "Gavin Roche, Enrique"]
[Result "1-0"]
[WhiteElo "2323"]
[BlackElo "2249"]
[PlyCount "81"]
[EventDate "2013.??.??"]
[EventType "tourn"]
[EventRounds "7"]
[EventCountry "ESP"]
[WhiteTeam "Ibercaja B"]
[BlackTeam "ONCE C.A. Aragon"]

1. e4 e5 2. Nf3 d6 3. Bc4 Be7 4. O-O Nf6 5. Re1 O-O 6. d3 Bg4 7. h3 Bh5 8. Nbd2
Nc6 9. c3 Na5 10. Bb5 a6 11. Ba4 b5 12. Bc2 c5 13. Nf1 Re8 14. g4 Bg6 15. Ng3
Qc7 16. Bg5 h6 17. Bd2 Nh7 18. Kh1 Ng5 19. Bxg5 Bxg5 20. Nxg5 hxg5 21. Nf1 f6
22. Ne3 Bf7 23. Kg2 Qb7 24. Qf3 Rad8 25. h4 gxh4 26. Rh1 d5 27. Rxh4 dxe4 28.
dxe4 Bg6 29. Rah1 Rd2 30. g5 Re6 31. Bb1 Rxb2 32. Nd5 Rxb1 33. Rxb1 fxg5 34.
Rh8+ Kxh8 35. Qf8+ Kh7 36. Rh1+ Bh5 37. Qf5+ Kg8 38. Qxe6+ Qf7 39. Qc8+ Kh7 40.
Qf5+ Kg8 41. Rxh5 1-0

[Event "Cto Equipos Aragon 2013 Div. Honor I"]
[Site "Aragon"]
[Date "2013.02.09"]
[Round "3.6"]
[White "Campos Hernandez, Antonio"]
[Black "Garcia Monterde, Francisco Jose"]
[Result "1-0"]
[WhiteElo "2183"]
[BlackElo "2036"]
[PlyCount "81"]
[EventDate "2013.??.??"]
[EventType "tourn"]
[EventRounds "7"]
[EventCountry "ESP"]
[WhiteTeam "ONCE C.A. Aragon"]
[BlackTeam "Ibercaja B"]

1. Nf3 Nf6 2. d4 c5 3. c4 cxd4 4. Nxd4 e5 5. Nb5 d5 6. cxd5 Bc5 7. e3 O-O 8.
Bc4 e4 9. N1c3 Bf5 10. Nd4 Bg6 11. a3 a6 12. b4 Bd6 13. Bb2 Nbd7 14. Ne6 fxe6
15. dxe6 Qc7 16. exd7+ Qxc4 17. Qxd6 Rfd8 18. Qd4 Qb3 19. Ne2 Rxd7 20. Qc3 Qa4
21. Nd4 Bf7 22. Qc2 Qxc2 23. Nxc2 Bc4 24. Bxf6 gxf6 25. Nd4 Rc8 26. Kd2 Kf7 27.
Rhc1 Rdc7 28. Rc3 Bd3 29. Rac1 Rxc3 30. Rxc3 Rxc3 31. Kxc3 Bf1 32. g3 Ke7 33.
Nb3 b6 34. Kd4 f5 35. Ke5 Bh3 36. Nd4 Kd7 37. Nxf5 Bxf5 38. Kxf5 Kc6 39. Kxe4
Kb5 40. Kd3 Ka4 41. Kc3 1-0

[Event "Cto Equipos Aragon 2013 Div. Honor I"]
[Site "Aragon"]
[Date "2013.02.09"]
[Round "3.7"]
[White "Dimitrov Uzunov, Nedko"]
[Black "Laliena Solares, Luis M"]
[Result "0-1"]
[WhiteElo "1896"]
[BlackElo "2160"]
[PlyCount "68"]
[EventDate "2013.??.??"]
[EventType "tourn"]
[EventRounds "7"]
[EventCountry "ESP"]
[WhiteTeam "Ibercaja B"]
[BlackTeam "ONCE C.A. Aragon"]

1. e4 c6 2. d4 d5 3. exd5 cxd5 4. Bd3 Nc6 5. Ne2 Bg4 6. c3 Nf6 7. f3 Bh5 8. Na3
e6 9. Nc2 Bd6 10. Bf4 Bg6 11. Qd2 Bxd3 12. Qxd3 a6 13. Qd2 O-O 14. g4 Re8 15.
O-O-O Na5 16. Bxd6 Qxd6 17. Ne3 b5 18. h4 Rec8 19. Kb1 Rab8 20. Rc1 Nc4 21.
Nxc4 dxc4 22. Nf4 b4 23. g5 Nd7 24. Nh5 e5 25. Ng3 bxc3 26. Rxc3 exd4 27. Ne4
Qe5 28. Rc2 Nc5 29. Nxc5 Rxc5 30. Re1 c3 31. Qf2 Qd5 32. Qe2 g6 33. Qd3 Ra5 34.
b3 Qxb3+ 0-1

[Event "Cto Equipos Aragon 2013 Div. Honor I"]
[Site "Aragon"]
[Date "2013.02.09"]
[Round "3.8"]
[White "Cobo Garrido, Diego Israel"]
[Black "Larraz Giganto, Carlos"]
[Result "0-1"]
[WhiteElo "2059"]
[BlackElo "1876"]
[PlyCount "88"]
[EventDate "2013.??.??"]
[EventType "tourn"]
[EventRounds "7"]
[EventCountry "ESP"]
[WhiteTeam "ONCE C.A. Aragon"]
[BlackTeam "Ibercaja B"]

1. e4 c5 2. Nf3 e6 3. d4 cxd4 4. Nxd4 Bc5 5. Nb3 Bb6 6. Bd3 Nc6 7. O-O Nge7 8.
Bf4 Ng6 9. Bd6 Qg5 10. Qd2 Qg4 11. Kh1 e5 12. Nc3 Nf4 13. f3 Qg6 14. Ba3 Be3
15. g3 Bxd2 16. Nxd2 Nxd3 17. cxd3 a6 18. Nd5 Rb8 19. Nc4 b5 20. Nd6+ Kd8 21.
Bc5 b4 22. Rac1 Rb5 23. Nxb5 axb5 24. Bxb4 Nxb4 25. Rxc8+ Kxc8 26. Ne7+ Kb7 27.
Nxg6 hxg6 28. f4 exf4 29. Rxf4 f6 30. Rg4 Nxd3 31. Kg2 g5 32. e5 Nxe5 33. Rb4
Kc6 34. a4 Rb8 35. Rb3 b4 36. Re3 Ra8 37. b3 Kd5 38. h3 Rc8 39. Kf2 Rc2+ 40.
Ke1 Rc3 41. Kd2 Nf3+ 42. Ke2 Nd4+ 43. Kf2 Rxe3 44. Kxe3 Nxb3 0-1

[Event "Cto Equipos Aragon 2013 Div. Honor I"]
[Site "Aragon"]
[Date "2013.02.09"]
[Round "3.9"]
[White "Cifuentes Parada, Roberto"]
[Black "Ramon Perez, Jose Luis"]
[Result "1-0"]
[WhiteElo "2473"]
[BlackElo "2236"]
[PlyCount "105"]
[EventDate "2013.??.??"]
[EventType "tourn"]
[EventRounds "7"]
[EventCountry "ESP"]
[WhiteTeam "Casino Jaque"]
[BlackTeam "Agrupacion"]

1. d4 e6 2. Nf3 f5 3. g3 Nf6 4. Bg2 d5 5. O-O Bd6 6. c4 c6 7. b3 Qe7 8. Qc2 O-O
9. Ne5 b6 10. cxd5 exd5 11. Bb2 Be6 12. Nd2 Rc8 13. Rac1 a5 14. Qb1 Ra7 15.
Ndf3 Rac7 16. Rfd1 Nbd7 17. e3 Ne4 18. Nd3 Bf7 19. Nfe5 Bh5 20. f3 Ng5 21. Kf2
Bxe5 22. dxe5 Bg6 23. Qc2 Ne6 24. Qd2 Bf7 25. Kg1 Ndf8 26. Qf2 c5 27. f4 Rd8
28. Ne1 Rcd7 29. Rd2 d4 30. e4 Bg6 31. exf5 Bxf5 32. Bc6 Nc7 33. Nf3 Nd5 34.
Bxd4 cxd4 35. Nxd4 Bg4 36. Bxd7 Rxd7 37. Rc8 Qb4 38. e6 Rc7 39. Rxc7 Nxc7 40.
f5 Ne8 41. h3 Bxh3 42. Nc6 Qb5 43. Ne7+ Kh8 44. Rd8 h5 45. a4 Qb4 46. Rxe8 Kh7
47. Ng6 Nxg6 48. fxg6+ Kxg6 49. Qf7+ Kg5 50. Qxg7+ Kf5 51. Rf8+ Kxe6 52. Rf6+
Ke5 53. Rxb6+ 1-0

[Event "Cto Equipos Aragon 2013 Div. Honor I"]
[Site "Aragon"]
[Date "2013.02.09"]
[Round "3.10"]
[White "Remiro Juste, Fernando Jose"]
[Black "Accattato Martin, Mario"]
[Result "1/2-1/2"]
[WhiteElo "2216"]
[BlackElo "2174"]
[PlyCount "94"]
[EventDate "2013.??.??"]
[EventType "tourn"]
[EventRounds "7"]
[EventCountry "ESP"]
[WhiteTeam "Agrupacion"]
[BlackTeam "Casino Jaque"]

1. Nf3 d6 2. g3 e5 3. d3 Nf6 4. Bg2 g6 5. O-O Bg7 6. c3 O-O 7. e4 b6 8. a4 a5
9. Na3 Nbd7 10. Re1 Bb7 11. Nc4 h6 12. Qc2 Ne8 13. b4 c6 14. bxa5 bxa5 15. Ba3
c5 16. Rad1 Qc7 17. Rb1 Ba6 18. Nfd2 Nef6 19. h3 Rfc8 20. Rf1 Rcb8 21. Rxb8+
Rxb8 22. Rb1 Rc8 23. h4 Bf8 24. Bh3 Be7 25. Ne3 Bd8 26. Ndc4 Qc6 27. Bc1 Ra8
28. Nd5 Ra7 29. Bxd7 Qxd7 30. Bxh6 Nxd5 31. exd5 Bxc4 32. dxc4 Kh7 33. Be3 Qg4
34. Qb3 Bxh4 35. Kg2 Qe4+ 36. Kh2 Bf6 37. Rh1 Ra8 38. Qb7 Rf8 39. Qd7 Kg7 40.
Kg1 Qb1+ 41. Kg2 Qe4+ 42. Kg1 Rb8 43. Bh6+ Kg8 44. Bc1 Qe1+ 45. Kg2 Qe4+ 46.
Kg1 Qe1+ 47. Kg2 Qe4+ 1/2-1/2

[Event "Cto Equipos Aragon 2013 Div. Honor I"]
[Site "Aragon"]
[Date "2013.02.09"]
[Round "3.11"]
[White "Gonzalez Gambau, Jorge"]
[Black "Mimbela Lopez, Miguel Angel"]
[Result "1/2-1/2"]
[WhiteElo "2118"]
[BlackElo "2187"]
[PlyCount "113"]
[EventDate "2013.??.??"]
[EventType "tourn"]
[EventRounds "7"]
[EventCountry "ESP"]
[WhiteTeam "Casino Jaque"]
[BlackTeam "Agrupacion"]

1. e4 c5 2. Nc3 a6 3. g3 b5 4. Bg2 Bb7 5. d3 e6 6. f4 d5 7. e5 Ne7 8. Nf3 Nf5
9. O-O Nc6 10. Qe1 h5 11. a3 Be7 12. Nd1 Ncd4 13. Qf2 Qc7 14. Ne3 g6 15. c3 Nb3
16. Rb1 a5 17. Nxf5 gxf5 18. d4 c4 19. Nd2 Kd7 20. Nxb3 cxb3 21. Bd2 Rag8 22.
Qe2 Ba6 23. Rf3 h4 24. Kf2 Qc6 25. Qe3 hxg3+ 26. hxg3 Rh2 27. Rh1 Rxh1 28. Bxh1
Qc4 29. Bg2 b4 30. axb4 Rh8 31. Kg1 axb4 32. Bf1 Qc6 33. cxb4 Bc4 34. Be2 Qa8
35. Rf1 Rc8 36. Rc1 Qb7 37. Bc3 Bxb4 38. Bxc4 Rxc4 39. Bxb4 Qxb4 40. Rxc4 Qxc4
41. Kf2 Qc2+ 42. Qe2 Kc6 43. Kf3 Kb6 44. Kf2 Ka5 45. Ke1 Qc1+ 46. Kf2 Kb4 47.
Kf3 Qb1 48. Qd2+ Kb5 49. Qe2+ Kb6 50. Kg2 Qc1 51. Kf2 Qc4 52. Ke3 Kb5 53. Qd3
Ka4 54. Ke2 Qc8 55. Kd2 Kb4 56. Ke2 Qc4 57. Kd2 1/2-1/2

[Event "Cto Equipos Aragon 2013 Div. Honor I"]
[Site "Aragon"]
[Date "2013.02.09"]
[Round "3.12"]
[White "Carruez Berges, Santiago"]
[Black "Mancho Fondevila, Jorge"]
[Result "1-0"]
[WhiteElo "2119"]
[BlackElo "1878"]
[PlyCount "49"]
[EventDate "2013.??.??"]
[EventType "tourn"]
[EventRounds "7"]
[EventCountry "ESP"]
[WhiteTeam "Agrupacion"]
[BlackTeam "Casino Jaque"]

1. e4 d6 2. d4 Nf6 3. Nc3 e5 4. Nf3 Nbd7 5. Bc4 Be7 6. O-O O-O 7. h3 c6 8. a4
b6 9. d5 Bb7 10. Be3 cxd5 11. Bxd5 Bxd5 12. exd5 Rc8 13. Qe2 a5 14. Rfd1 Nc5
15. Nb5 Qd7 16. c3 Bd8 17. b4 Nb7 18. Ra3 Ne8 19. Na7 Ra8 20. Nc6 h6 21. Nxd8
Qxd8 22. Qb5 Nc7 23. Qxb6 Rb8 24. Qc6 Qe7 25. Ba7 1-0

[Event "Cto Equipos Aragon 2013 Div. Honor I"]
[Site "Aragon"]
[Date "2013.02.09"]
[Round "3.13"]
[White "Del Rey, Diego"]
[Black "Adla, Diego Gustavo"]
[Result "1/2-1/2"]
[WhiteElo "2383"]
[BlackElo "2498"]
[PlyCount "20"]
[EventDate "2013.??.??"]
[EventType "tourn"]
[EventRounds "7"]
[EventCountry "ESP"]
[WhiteTeam "El Olivar"]
[BlackTeam "St Casablanca"]

1. d4 d5 2. c4 c6 3. Nc3 Nf6 4. cxd5 cxd5 5. Bf4 Nc6 6. e3 a6 7. Bd3 Bg4 8.
Nge2 e6 9. h3 Bxe2 10. Qxe2 Bd6 1/2-1/2

[Event "Cto Equipos Aragon 2013 Div. Honor I"]
[Site "Aragon"]
[Date "2013.02.09"]
[Round "3.14"]
[White "Glavina Rossi, Pablo"]
[Black "Chueca Forcen, Alberto"]
[Result "0-1"]
[WhiteElo "2445"]
[BlackElo "2310"]
[PlyCount "68"]
[EventDate "2013.??.??"]
[EventType "tourn"]
[EventRounds "7"]
[EventCountry "ESP"]
[WhiteTeam "St Casablanca"]
[BlackTeam "El Olivar"]

1. d4 d5 2. c4 e5 3. dxe5 d4 4. Nf3 Nc6 5. a3 Bg4 6. Qb3 Qd7 7. Bg5 Na5 8. Qd3
h6 9. Bd2 Nc6 10. e3 O-O-O 11. Be2 Bxf3 12. Bxf3 Nxe5 13. Qe4 Nxf3+ 14. Qxf3
dxe3 15. Bxe3 Qd3 16. Nd2 Nf6 17. Rc1 Bc5 18. Rc3 Qd6 19. Qf5+ Nd7 20. Rd3 Qc6
21. Rxd7 Rxd7 22. Qxc5 Qxg2 23. Rf1 Re8 24. Nb3 b6 25. Qf5 g6 26. Qf6 Re6 27.
Qh8+ Rd8 28. Qc3 f5 29. Nd4 Qg4 30. Ne2 Qe4 31. Rg1 f4 32. Nxf4 Qb1+ 33. Ke2
Qxg1 34. Qc2 Qg4+ 0-1

[Event "Cto Equipos Aragon 2013 Div. Honor I"]
[Site "Aragon"]
[Date "2013.02.09"]
[Round "3.15"]
[White "Hernando Garcia, Antonio"]
[Black "Lopez Gracia, Fernando"]
[Result "1-0"]
[WhiteElo "2173"]
[BlackElo "2368"]
[PlyCount "73"]
[EventDate "2013.??.??"]
[EventType "tourn"]
[EventRounds "7"]
[EventCountry "ESP"]
[WhiteTeam "El Olivar"]
[BlackTeam "St Casablanca"]

1. Nf3 g6 2. c4 Bg7 3. Nc3 e5 4. d4 exd4 5. Nxd4 Nc6 6. Be3 Nf6 7. Nxc6 bxc6 8.
g3 O-O 9. Bg2 Rb8 10. b3 d5 11. Bxa7 Ng4 12. Bd4 dxc4 13. Bxg7 Kxg7 14. Qxd8
Rxd8 15. bxc4 Rd4 16. O-O Rxc4 17. Rfc1 Rb2 18. Be4 Rc5 19. a4 Ba6 20. h3 Ne5
21. f4 Nd7 22. Bf3 Rc4 23. Nd1 Rxc1 24. Rxc1 Ra2 25. Nc3 Ra3 26. Bxc6 Nb6 27.
Kf2 Bc4 28. g4 Bb3 29. e3 Bxa4 30. Bxa4 Nxa4 31. Nxa4 Rxa4 32. Rxc7 Ra2+ 33.
Kg3 Re2 34. Re7 h6 35. h4 Re1 36. Re5 Kf8 37. h5 {El negro agota el tiempo.}
1-0

[Event "Cto Equipos Aragon 2013 Div. Honor I"]
[Site "Aragon"]
[Date "2013.02.09"]
[Round "3.16"]
[White "Quintin Navarro, Alberto"]
[Black "Melendez Fierro, Juan Bautista"]
[Result "1-0"]
[WhiteElo "2200"]
[BlackElo "2172"]
[PlyCount "85"]
[EventDate "2013.??.??"]
[EventType "tourn"]
[EventRounds "7"]
[EventCountry "ESP"]
[WhiteTeam "St Casablanca"]
[BlackTeam "El Olivar"]

1. d4 e6 2. g3 c5 3. Nf3 Nc6 4. Bg2 Nf6 5. O-O Qb6 6. e3 d5 7. b3 Bd7 8. Bb2
Rc8 9. dxc5 Bxc5 10. Nbd2 O-O 11. c4 Nb4 12. Ne5 Rfd8 13. a3 Nc6 14. Nxd7 Nxd7
15. cxd5 exd5 16. Bxd5 Nde5 17. Bxe5 Rxd5 18. Qg4 Nxe5 19. Qxc8+ Rd8 20. Qf5
Nd3 21. b4 Bf8 22. Nb3 g6 23. Qe4 Nb2 24. Rab1 Na4 25. Qc2 Qf6 26. Nd4 Nb6 27.
Rbc1 h5 28. Qe4 Rd7 29. h4 Bd6 30. Qe8+ Kh7 31. Qe4 Be5 32. Rcd1 Re7 33. Qc2
Rc7 34. Qb3 a6 35. Rc1 Rd7 36. Rfd1 Re7 37. Kg2 Kg7 38. Nf3 Nd7 39. Rd2 Kh7 40.
Rcd1 Nf8 41. Rd5 Bc7 42. Qd3 Kg7 43. Qd4 1-0

[Event "Cto Equipos Aragon 2013 Div. Honor II"]
[Site "Aragon"]
[Date "2013.02.09"]
[Round "3.17"]
[White "Garza Marco, Sergio"]
[Black "Lana Rodriguez, David"]
[Result "1/2-1/2"]
[WhiteElo "2438"]
[BlackElo "2300"]
[PlyCount "120"]
[EventDate "2013.??.??"]
[EventType "tourn"]
[EventRounds "7"]
[EventCountry "ESP"]
[WhiteTeam "Jaime Casas"]
[BlackTeam "Helios"]

1. d4 Nf6 2. c4 e6 3. Nc3 Bb4 4. Bg5 c5 5. d5 h6 6. Bh4 e5 7. e3 d6 8. Bd3 b5
9. cxb5 Qa5 10. Nge2 Nbd7 11. O-O Bxc3 12. bxc3 Bb7 13. c4 a6 14. a4 O-O 15. e4
g5 16. Bg3 Nh5 17. f3 Qc7 18. Be1 Nb6 19. a5 Nc8 20. Bc2 Ne7 21. Bd2 Ng7 22. h4
f6 23. b6 Qd8 24. Ba4 Rc8 25. hxg5 hxg5 26. Kf2 Kf7 27. Rh1 Rh8 28. g3 Ng6 29.
Rxh8 Qxh8 30. Qh1 Qxh1 31. Rxh1 Ne7 32. Nc3 Kg6 33. f4 Rd8 34. f5+ Kf7 35. Nd1
Bc8 36. Ne3 Bd7 37. Bxd7 Rxd7 38. Rh8 Ng8 39. Ng4 Ne8 40. Rh7+ Ng7 41. Kf3 Re7
42. Nf2 Rd7 43. Be3 Ne7 44. Nd3 Kg8 45. Rh6 Ne8 46. Bxc5 dxc5 47. Nxc5 Rd8 48.
Nxa6 Kg7 49. Rh1 Nd6 50. c5 g4+ 51. Kg2 Nxe4 52. b7 Rxd5 53. b8=Q Rd2+ 54. Kf1
Rd1+ 55. Ke2 Rd2+ 56. Kf1 Rd1+ 57. Ke2 Nc3+ 58. Kf2 Ne4+ 59. Ke2 Nc3+ 60. Kf2
Ne4+ 1/2-1/2

[Event "Cto Equipos Aragon 2013 Div. Honor II"]
[Site "Aragon"]
[Date "2013.02.09"]
[Round "3.18"]
[White "Guzman Moneo, Alberto"]
[Black "Antoli Royo, Joaquin Miguel"]
[Result "0-1"]
[WhiteElo "2192"]
[BlackElo "2412"]
[PlyCount "88"]
[EventDate "2013.??.??"]
[EventType "tourn"]
[EventRounds "7"]
[EventCountry "ESP"]
[WhiteTeam "Helios"]
[BlackTeam "Jaime Casas"]

1. e4 c5 2. Nf3 Nc6 3. Bb5 e6 4. O-O Nge7 5. Re1 a6 6. Bf1 d5 7. d3 Ng6 8. exd5
Qxd5 9. Nc3 Qd8 10. Ne4 Be7 11. Be3 b6 12. g3 O-O 13. Bg2 Ra7 14. h4 f5 15. Nc3
Bf6 16. h5 Nge5 17. Nh2 Nd4 18. Ne2 Nxe2+ 19. Qxe2 Re7 20. Rad1 Nf7 21. c3 e5
22. Qc2 Rfe8 23. a3 Qc7 24. b4 cxb4 25. axb4 Bb7 26. Bxb7 Qxb7 27. c4 f4 28.
Bc1 Ng5 29. Re4 Nxe4 30. dxe4 Qc8 31. c5 Kh8 32. Kg2 Rc7 33. Ba3 a5 34. bxa5
bxc5 35. Qc4 Qa8 36. a6 Rc6 37. Rd7 Rxa6 38. Bxc5 Ra4 39. Qf7 Qxe4+ 40. f3 Qe2+
41. Bf2 Rg8 42. Ng4 Ra1 43. gxf4 exf4 44. Kh2 Qxf3 0-1

[Event "Cto Equipos Aragon 2013 Div. Honor II"]
[Site "Aragon"]
[Date "2013.02.09"]
[Round "3.19"]
[White "Ramiro Ovejero, Juan Luis"]
[Black "Cerrajeria Ruiz, Jesus Maria"]
[Result "1-0"]
[WhiteElo "2362"]
[BlackElo "2155"]
[PlyCount "81"]
[EventDate "2013.??.??"]
[EventType "tourn"]
[EventRounds "7"]
[EventCountry "ESP"]
[WhiteTeam "Jaime Casas"]
[BlackTeam "Helios"]

1. e4 c5 2. Nc3 Nc6 3. Bb5 e5 4. Bxc6 bxc6 5. d3 Nf6 6. f4 exf4 7. Bxf4 d5 8.
e5 Bg4 9. Nf3 Nh5 10. Bd2 Be7 11. O-O O-O 12. h3 Be6 13. Qe1 g6 14. Bh6 Re8 15.
Ne2 Qb6 16. g4 Ng7 17. Rb1 a5 18. Bg5 Bxg5 19. Nxg5 h6 20. Nf3 d4 21. Qh4 h5
22. Nf4 Qd8 23. Ng5 Bxa2 24. Rbe1 f6 25. exf6 Qxf6 26. Nfe6 Rxe6 27. Rxf6 Rxf6
28. Ne4 Rf4 29. Nf6+ Kf7 30. Re7+ Kxe7 31. Nxh5+ Kf7 32. Nxf4 Re8 33. Qg5 Bd5
34. Nxg6 Re1+ 35. Kf2 Re6 36. Ne5+ Kf8 37. Nd7+ Kf7 38. h4 Ne8 39. h5 Nf6 40.
Qg6+ Ke7 41. Qg7+ 1-0

[Event "Cto Equipos Aragon 2013 Div. Honor II"]
[Site "Aragon"]
[Date "2013.02.09"]
[Round "3.20"]
[White "Aparicio Navarro, Pedro Jose"]
[Black "Fontana Sotomayor, Luis Javier"]
[Result "0-1"]
[WhiteElo "2175"]
[BlackElo "2315"]
[PlyCount "86"]
[EventDate "2013.??.??"]
[EventType "tourn"]
[EventRounds "7"]
[EventCountry "ESP"]
[WhiteTeam "Helios"]
[BlackTeam "Jaime Casas"]

1. Nf3 d5 2. c4 d4 3. d3 Nc6 4. g3 e5 5. Bg2 Nf6 6. O-O Be7 7. Bg5 Nd7 8. Bxe7
Qxe7 9. Nbd2 O-O 10. a3 a5 11. Ne1 Nc5 12. Nc2 a4 13. Rb1 Na5 14. Na1 Bd7 15.
Qc1 Bc6 16. b4 axb3 17. Naxb3 Naxb3 18. Nxb3 Bxg2 19. Kxg2 Na4 20. e3 Nc3 21.
Ra1 c5 22. Re1 Qd6 23. exd4 cxd4 24. Kg1 f5 25. Nd2 Rae8 26. f3 Qg6 27. Qc2 h5
28. Nb1 h4 29. Kg2 Qc6 30. Nxc3 dxc3 31. Qxc3 e4 32. d4 exf3+ 33. Qxf3 h3+ 34.
Kf2 Qxc4 35. d5 f4 36. g4 Re3 37. Qd1 Qe4 38. Rg1 Rc8 39. Ra2 Rcc3 40. Kf1 Rf3+
41. Rf2 Rxf2+ 42. Kxf2 Qe3+ 43. Kf1 Rc1 0-1

[Event "Cto Equipos Aragon 2013 Div. Honor II"]
[Site "Aragon"]
[Date "2013.02.09"]
[Round "3.21"]
[White "Forcen Esteban, Daniel"]
[Black "Carretero Cacho, Juan Jose"]
[Result "1-0"]
[WhiteElo "2467"]
[BlackElo "2139"]
[PlyCount "87"]
[EventDate "2013.??.??"]
[EventType "tourn"]
[EventRounds "7"]
[EventCountry "ESP"]
[WhiteTeam "Ibercaja"]
[BlackTeam "Agrupacion B"]

1. d4 d6 2. e4 Nf6 3. Nc3 e5 4. Nf3 Nbd7 5. g4 Nxg4 6. Rg1 Ngf6 7. Bc4 exd4 8.
Qxd4 Nb6 9. e5 Nxc4 10. exf6 Qxf6 11. Qxf6 gxf6 12. Nd5 Kd8 13. Nxf6 Be7 14.
Ng8 Bf5 15. b3 Ne5 16. Nxe5 dxe5 17. Bb2 Bb4+ 18. c3 Bd6 19. O-O-O Bg6 20. Nf6
Ke7 21. Nd5+ Ke6 22. c4 Rac8 23. Rge1 f6 24. f4 Rhf8 25. c5 Bxc5 26. fxe5 fxe5
27. Rxe5+ Kf7 28. Rf1+ Kg8 29. Nf6+ Rxf6 30. Rxf6 Bd6 31. Re2 Rf8 32. Rxf8+
Kxf8 33. Be5 Ba3+ 34. Kd2 c6 35. Kc3 Be7 36. b4 Kf7 37. Bb8 a6 38. Ba7 Bd8 39.
Bc5 a5 40. Rd2 Bf6+ 41. Bd4 axb4+ 42. Kxb4 Bxd4 43. Rxd4 Ke7 44. Kc5 1-0

[Event "Cto Equipos Aragon 2013 Div. Honor II"]
[Site "Aragon"]
[Date "2013.02.09"]
[Round "3.22"]
[White "Martinez Crespo, Juan"]
[Black "Baron Rodriguez, Jesus"]
[Result "0-1"]
[WhiteElo "1857"]
[BlackElo "2438"]
[PlyCount "74"]
[EventDate "2013.??.??"]
[EventType "tourn"]
[EventRounds "7"]
[EventCountry "ESP"]
[WhiteTeam "Agrupacion B"]
[BlackTeam "Ibercaja"]

1. e4 e6 2. d4 d5 3. Nd2 c5 4. exd5 Qxd5 5. Ngf3 cxd4 6. Bc4 Qd6 7. O-O Nf6 8.
Nb3 Nc6 9. Nbxd4 Nxd4 10. Qxd4 Qxd4 11. Nxd4 Bd7 12. h3 Rc8 13. Bb3 Bc5 14. Nf3
Ke7 15. Bg5 h6 16. Bf4 Rhd8 17. Rad1 Ne4 18. Ne5 Be8 19. Nd3 Bb6 20. Rfe1 Rxd3
21. cxd3 Nxf2 22. Be3 Bxe3 23. Rxe3 Nxd1 24. Bxd1 Rc1 25. Re1 Ba4 26. b3 Bb5
27. d4 Be2 28. Rxe2 Rxd1+ 29. Kf2 Rxd4 30. Rc2 f5 31. Ke3 e5 32. Rc7+ Rd7 33.
Rc5 Kd6 34. Rc2 Rc7 35. Rd2+ Ke6 36. h4 Rc3+ 37. Kf2 e4 0-1

[Event "Cto Equipos Aragon 2013 Div. Honor II"]
[Site "Aragon"]
[Date "2013.02.09"]
[Round "3.23"]
[White "Romon Poves, Raul"]
[Black "Serrat Claver, David"]
[Result "1-0"]
[WhiteElo "2299"]
[BlackElo "1575"]
[PlyCount "73"]
[EventDate "2013.??.??"]
[EventType "tourn"]
[EventRounds "7"]
[EventCountry "ESP"]
[WhiteTeam "Ibercaja"]
[BlackTeam "Agrupacion B"]

1. e4 e5 2. d4 exd4 3. Qxd4 Nc6 4. Qe3 Nf6 5. Nc3 Bb4 6. Bd2 O-O 7. O-O-O d6 8.
Qg3 Nh5 9. Qf3 Nf6 10. h3 Be6 11. a3 Ne5 12. Qe2 Bc4 13. Qe1 Bxf1 14. Qxf1 Bxc3
15. Bxc3 Qe8 16. f4 Ned7 17. Re1 a6 18. Nf3 Qe6 19. Kb1 Nxe4 20. Ka1 Qg6 21.
Nh4 Qh5 22. Rxe4 Qxh4 23. Qc4 Qd8 24. Rhe1 Nb6 25. Qd4 f6 26. g4 Rf7 27. Ba5
Qd7 28. Bxb6 cxb6 29. Qxb6 Rc8 30. Qb3 Kf8 31. Qd3 g6 32. Re6 Rd8 33. Qd4 Kg7
34. g5 d5 35. gxf6+ Kg8 36. f5 g5 37. Qg4 1-0

[Event "Cto Equipos Aragon 2013 Div. Honor II"]
[Site "Aragon"]
[Date "2013.02.09"]
[Round "3.24"]
[White "Subira Navarro, Oscar"]
[Black "Jimenez Fernandez, Alejandro"]
[Result "0-1"]
[WhiteElo "1592"]
[BlackElo "2011"]
[PlyCount "116"]
[EventDate "2013.??.??"]
[EventType "tourn"]
[EventRounds "7"]
[EventCountry "ESP"]
[WhiteTeam "Agrupacion B"]
[BlackTeam "Ibercaja"]

1. b4 Nf6 2. Bb2 e6 3. b5 c6 4. a4 d5 5. e3 Bd6 6. f4 d4 7. Bxd4 Bxf4 8. Nf3
Bd6 9. c4 Nbd7 10. Qc2 c5 11. Bb2 a5 12. Be2 O-O 13. O-O b6 14. e4 Qc7 15. Qc3
Bf4 16. d3 Bb7 17. Na3 Ne5 18. Nxe5 Be3+ 19. Rf2 Bd4 20. Qd2 Qxe5 21. Bxd4 Qxd4
22. Nc2 Nxe4 23. Nxd4 Nxd2 24. Bg4 Ne4 25. dxe4 cxd4 26. e5 d3 27. Bf3 Bxf3 28.
gxf3 Rac8 29. Rc1 Rc5 30. Rd2 Rd8 31. Rc3 g5 32. Rcxd3 Rxd3 33. Rxd3 Rxc4 34.
Rd6 Rxa4 35. Rxb6 Rb4 36. Rb8+ Kg7 37. b6 a4 38. Ra8 Rxb6 39. Rxa4 Rb5 40. Re4
Kg6 41. h3 Kf5 42. Kg2 Rxe5 43. Ra4 h5 44. Ra7 f6 45. Rh7 h4 46. Ra7 Re2+ 47.
Kg1 Kf4 48. Kf1 Rh2 49. Ra4+ Kxf3 50. Ra3+ Kf4 51. Ra4+ Kf5 52. Ra5+ e5 53. Ra3
e4 54. Kg1 Rc2 55. Re3 Kf4 56. Re1 f5 57. Kh1 e3 58. Rf1+ Rf2 0-1

[Event "Cto Equipos Aragon 2013 Div. Honor II"]
[Site "Aragon"]
[Date "2013.02.09"]
[Round "3.25"]
[White "Martinez Catalan, Francisco Javier"]
[Black "Villuendas Valero, Adrian"]
[Result "1/2-1/2"]
[WhiteElo "2240"]
[BlackElo "2301"]
[PlyCount "60"]
[EventDate "2013.??.??"]
[EventType "tourn"]
[EventRounds "7"]
[EventCountry "ESP"]
[WhiteTeam "L`Aurora Estadilla"]
[BlackTeam "Ramiro"]

1. c4 c5 2. Nf3 Nc6 3. d4 cxd4 4. Nxd4 g6 5. e4 Nf6 6. Nc3 d6 7. Be2 Nxd4 8.
Qxd4 Bg7 9. Be3 O-O 10. Qd2 Be6 11. O-O Qa5 12. Rac1 Rfc8 13. b3 a6 14. f3 b5
15. Nd5 Qxd2 16. Bxd2 Nxd5 17. cxd5 Bd4+ 18. Kh1 Bd7 19. Rxc8+ Rxc8 20. Rc1
Rxc1+ 21. Bxc1 a5 22. g4 Kf8 23. Kg2 Ke8 24. Bd2 b4 25. Bc4 Kd8 26. Bg5 f6 27.
Bd2 Kc7 28. Bc1 g5 29. h3 Kb6 30. Kf1 Kc5 1/2-1/2

[Event "Cto Equipos Aragon 2013 Div. Honor II"]
[Site "Aragon"]
[Date "2013.02.09"]
[Round "3.27"]
[White "Solano Lasierra, Javier"]
[Black "Colom Sienes, Eduardo"]
[Result "1/2-1/2"]
[WhiteElo "2188"]
[BlackElo "2028"]
[PlyCount "57"]
[EventDate "2013.??.??"]
[EventType "tourn"]
[EventRounds "7"]
[EventCountry "ESP"]
[WhiteTeam "L`Aurora Estadilla"]
[BlackTeam "Ramiro"]

1. c4 e6 2. d4 b6 3. Nf3 Bb7 4. Nc3 Bb4 5. Qb3 Qe7 6. a3 Bxc3+ 7. Qxc3 Nf6 8.
g3 O-O 9. Bg5 h6 10. Bxf6 Qxf6 11. Bg2 c5 12. O-O cxd4 13. Nxd4 Bxg2 14. Kxg2
Rc8 15. Qd3 Nc6 16. Nxc6 dxc6 17. b4 c5 18. Rfd1 cxb4 19. axb4 Rc7 20. b5 Rac8
21. Ra4 Qe5 22. Rda1 g6 23. R1a2 Rc5 24. e4 g5 25. h3 Kg7 26. Qe2 R5c7 27. Qd3
Rc5 28. Qe2 R5c7 29. Qd3 1/2-1/2